[Event "Challenge"]
[Site "http://www.queenalice.com/game.php?id=816406"]
[Date "2010.8.11"]
[Round "-"]
[White "ORNELAS"]
[Black "BFBear"]
[Result "0-1"]
[WhiteElo "1619"]
[BlackElo "1822"]

1. b3 e5 2. Bb2 d6 3. d3 Nc6 4. g3 g6 5. Nd2 Bg7 6. Bg2 Nge7 7. Ngf3 Nf5 8. Ne4
Ncd4 9. Neg5 Bf6 10. Ne4 Nxf3+ 11. exf3 Bg7 12. O-O O-O 13. Ba3 c5 14. b4 b6 15.
bxc5 bxc5 16. c4 Nd4 17. Rb1 Be6 18. Qa4 Bd7 19. Qd1 Bc6 20. Bb2 Bxe4 21. dxe4
Qa5 22. a3 Bh6 23. Qd3 Rab8 24. Rfd1 Rb3 25. Qf1 Rfb8 26. Bxd4 cxd4 27. Rxb3
Rxb3 28. Rd3 Qxa3 29. Rxb3 Qxb3 30. Qa1 Qxc4 31. Qxa7 d3 32. Qe7 Bf8 33. Qf6 d2
34. Bf1 d1=R 35. Kg2 Qxf1# 0-1

[Event "AUTO-ADV-1869"]
[Site "http://www.queenalice.com/game.php?id=819335"]
[Date "2010.8.17"]
[Round "1"]
[White "Barbudo"]
[Black "BFBear"]
[Result "0-1"]
[WhiteElo "1717"]
[BlackElo "1859"]

1. e4 e5 2. Nf3 d6 3. Bc4 h6 4. c3 Nc6 5. a3 a6 6. O-O Nf6 7. Qb3 Qd7 8. Nh4 Na5
9. Qa2 Nxe4 10. Bd5 Nf6 11. d3 Nxd5 12. Qxd5 Nc6 13. d4 Qe6 14. Qf3 exd4 15. Bd2
Qb3 16. Re1+ Be6 17. Bf4 g5 18. Nd2 Qb5 19. a4 Qc5 20. b4 Qxc3 21. Ne4 Qxf3 22.
Nxf3 gxf4 23. Red1 Bg7 24. h3 Be5 25. Nxe5 dxe5 26. Rac1 Bb3 27. Rd2 Bxa4 28.
Nc5 b5 29. Nxa4 Nxb4 30. Rxc7 bxa4 31. Re2 f6 32. Re1 a3 33. Rec1 O-O 34. Rb7
Rab8 35. Rd7 Rf7 36. Rd6 a2 37. Ra1 Rc8 38. Kf1 Kg7 39. Rb6 a5 40. Rb5 Rfc7 41.
Rxa5 Rc1+ 42. Rxc1 Rxc1+ 43. Ke2 a1=Q 44. Rxa1 Rxa1 45. Kf3 Kg6 46. g3 fxg3 47.
Kxg3 d3 48. Kf3 d2 0-1

[Event "AUTO-ADV-1869"]
[Site "http://www.queenalice.com/game.php?id=819336"]
[Date "2010.8.17"]
[Round "1"]
[White "BFBear"]
[Black "Barbudo"]
[Result "0-1"]
[WhiteElo "1869"]
[BlackElo "1733"]

1. e4 e5 2. Nf3 Nc6 3. a3 Nf6 4. d3 Bc5 5. Qe2 O-O 6. Be3 Bxe3 7. Qxe3 Ng4 8.
Qd2 d5 9. exd5 Qxd5 10. h3 Nf6 11. Nc3 Qd7 12. Be2 h6 13. O-O a6 14. Nd1 Nd4 15.
Ne3 Re8 16. c3 Nb3 17. Qc2 Nxa1 18. Rxa1 e4 19. dxe4 Nxe4 20. Rd1 Qc6 21. Nd4
Qb6 22. Bf3 Ng5 23. Be2 Qa5 24. Nb3 Qb6 25. Bc4 Qf6 26. Be2 Bxh3 27. Bg4 Bxg4
28. Nxg4 Qb6 29. Ne3 Rad8 30. Re1 Ne4 31. Nd4 Qg6 32. Nf3 Ng5 33. Qxg6 Nxf3+ 34.
gxf3 fxg6 35. Re2 Re6 36. Kf1 g5 37. Ke1 Rf8 38. Rd2 Rxf3 39. Kf1 Rexe3 40. Rd7
Rd3 41. Rxc7 Rd2 42. Rxb7 Rfxf2+ 43. Ke1 Rfe2+ 44. Kf1 Rh2 45. Kg1 Rc2 46. Re7
Rhd2 47. Kf1 Rxb2 48. Re1 Rg2 49. Ra1 Rh2 50. Kg1 g4 51. Rf1 Rbg2# 0-1

[Event "AUTO-ADV-1869"]
[Site "http://www.queenalice.com/game.php?id=819353"]
[Date "2010.8.17"]
[Round "1"]
[White "luizpessoa"]
[Black "BFBear"]
[Result "0-1"]
[WhiteElo "1840"]
[BlackElo "1832"]

1. d4 d5 2. g3 Nf6 3. Bf4 e6 4. a3 h6 5. Nc3 a6 6. e3 Bd6 7. Bxd6 Qxd6 8. Bd3
Nbd7 9. Nf3 c5 10. dxc5 Nxc5 11. b4 Nxd3+ 12. Qxd3 Qc7 13. O-O Bd7 14. Rfe1 Bc6
15. Nd4 Bd7 16. f4 O-O 17. e4 dxe4 18. Nxe4 Nd5 19. c4 Ne7 20. a4 f5 21. Nf2
Rac8 22. Rec1 Qd6 23. c5 Qd5 24. Nb3 Qxd3 25. Nxd3 Nd5 26. Ne5 Bc6 27. Nxc6 bxc6
28. Nd4 Nxb4 29. Nxe6 Rf6 30. Rc4 a5 31. Nd4 Rf7 32. Re1 Rf6 33. Re5 g6 34. Re6
Rxe6 35. Nxe6 Re8 36. Nc7 Re7 37. Na8 Re4 38. Rxe4 fxe4 39. Nc7 Nd3 40. Kf1 Nxc5
41. Ke2 Nxa4 42. Ne6 Nc3+ 43. Kd2 Nd5 44. Nd4 c5 45. Nb3 c4 46. Nxa5 c3+ 47. Ke2
e3 48. Kd3 Kf7 49. Nc4 Kf6 50. Nxe3 Nxe3 51. Kxe3 Kf5 52. h3 c2 53. Kd2 Ke4 54.
Kxc2 Kf3 55. f5 gxf5 56. g4 fxg4 57. hxg4 Kxg4 58. Kd2 Kg3 59. Ke2 Kg2 60. Ke3
h5 61. Kf4 h4 62. Kg4 h3 63. Kh4 h2 64. Kh5 h1=Q+ 65. Kg4 Qf1 66. Kh5 Kf3 67.
Kh4 Qg1 68. Kh3 Qg3# 0-1

[Event "AUTO-ADV-1869"]
[Site "http://www.queenalice.com/game.php?id=819354"]
[Date "2010.8.17"]
[Round "1"]
[White "BFBear"]
[Black "luizpessoa"]
[Result "1-0"]
[WhiteElo "1802"]
[BlackElo "1860"]

1. e4 c5 2. Nf3 d6 3. Nc3 e5 4. d3 Nc6 5. h3 Be6 6. a3 Be7 7. Be2 a6 8. Bd2 b5
9. Nd5 Bxd5 10. exd5 Nd4 11. c3 Nxf3+ 12. Bxf3 Bg5 13. c4 bxc4 14. dxc4 h6 15.
Qa4+ Kf8 16. Bxg5 hxg5 17. b4 cxb4 18. axb4 Ne7 19. b5 f6 20. O-O Kf7 21. bxa6
Ra7 22. Rfb1 Nc8 23. Rb8 Qe7 24. Rab1 Rd8 25. R1b7 Rxb7 26. Rxb7 Rd7 27. Rxd7
Nb6 28. Rxe7+ Kxe7 29. Qb5 Nd7 30. Bg4 Nc5 31. a7 g6 32. a8=R f5 33. Qe8+ Kf6
34. Qf8# 1-0

[Event "Let's Play Chess!"]
[Site "http://www.queenalice.com/game.php?id=827434"]
[Date "2010.9.3"]
[Round "-"]
[White "microcephalec"]
[Black "BFBear"]
[Result "0-1"]
[WhiteElo "1669"]
[BlackElo "1848"]

1. e4 e5 2. f4 exf4 3. Nf3 d6 4. Bc4 Bg4 5. O-O Bxf3 6. Qxf3 Qf6 7. d4 Qxd4+ 8.
Kh1 Qxc4 9. Bxf4 Nd7 10. Nc3 Ngf6 11. Rad1 Be7 12. e5 dxe5 13. Qxb7 O-O 14. Bg5
Bd6 15. Bxf6 Nxf6 16. Rd3 Rfb8 17. Qf3 e4 18. Nxe4 Qxe4 19. Qf2 Qe5 20. Re3
Qxh2# 0-1

[Event "Let's Play Chess!"]
[Site "http://www.queenalice.com/game.php?id=827786"]
[Date "2010.9.4"]
[Round "-"]
[White "elche"]
[Black "BFBear"]
[Result "1/2-1/2"]
[WhiteElo "1739"]
[BlackElo "1850"]

1. e4 e5 2. Nf3 d6 3. d4 exd4 4. Nxd4 g6 5. Nc3 a6 6. Bd3 Bg7 7. Nf3 Nc6 8. Bd2
Ne5 9. Nxe5 Bxe5 10. Qe2 Be6 11. f4 Bf6 12. Bc4 Ne7 13. Bxe6 fxe6 14. f5 e5 15.
Nd5 Nxd5 16. exd5 Qd7 17. fxg6 hxg6 18. Bc3 Qf7 19. O-O-O O-O-O 20. g3 Rdf8 21.
Kb1 Bg5 22. h4 Bh6 23. g4 Bf4 24. Qf2 Qe7 25. Qa7 b6 26. Qxa6+ Kb8 27. a4 Rxh4
28. Rxh4 Qxh4 29. a5 Be3 30. axb6 Bxb6 31. b3 Qxg4 32. Rc1 Qf3 33. Ba5 Ba7 34.
Qb5+ 1/2-1/2

[Event "QA-ANNIV-06"]
[Site "http://www.queenalice.com/game.php?id=836891"]
[Date "2010.9.23"]
[Round "2"]
[White "Mamonas"]
[Black "BFBear"]
[Result "0-1"]
[WhiteElo "1732"]
[BlackElo "1850"]

1. e4 e5 2. Nf3 d6 3. Bb5+ Bd7 4. Bxd7+ Nxd7 5. d3 Ngf6 6. Nc3 a6 7. Bg5 h6 8.
Bh4 Nb6 9. g4 g5 10. Bg3 Nxg4 11. Qd2 Bg7 12. h4 f6 13. hxg5 fxg5 14. O-O-O Rf8
15. Qe2 Qd7 16. d4 exd4 17. Nxd4 Bxd4 18. Rxd4 Qe6 19. Nd5 Nxd5 20. Rxd5 O-O-O
21. f3 Ne5 22. Bxe5 dxe5 23. Rxd8+ Rxd8 24. b3 Qg6 25. Qe3 Kb8 26. Qf2 h5 27.
Rg1 h4 28. Qxh4 gxh4 29. Rxg6 Rh8 30. Kd2 c6 31. Ke3 Kc7 32. f4 h3 33. Rg1 h2
34. Rh1 Rh3+ 35. Kf2 exf4 36. Kg2 Rc3 37. Rc1 Re3 38. Kxh2 Rxe4 39. Kg2 Re3 40.
Kf2 Kd6 41. Rd1+ Kc5 42. c4 b5 43. Re1 Rxe1 44. Kxe1 bxc4 45. bxc4 Kxc4 46. Ke2
Kc3 47. Kf3 c5 48. Kxf4 Kd3 49. Kf3 c4 0-1

[Event "QA-ANNIV-06"]
[Site "http://www.queenalice.com/game.php?id=884990"]
[Date "2011.1.12"]
[Round "3"]
[White "BFBear"]
[Black "Mikalus"]
[Result "0-1"]
[WhiteElo "1852"]
[BlackElo "1847"]

1. d4 d5 2. Nc3 e6 3. a3 c5 4. dxc5 Bxc5 5. e3 Nc6 6. Bb5 a6 7. Bxc6+ bxc6 8.
Nf3 Nf6 9. h3 O-O 10. O-O Qc7 11. b4 Bd6 12. Bb2 e5 13. Ne2 Qe7 14. Ng3 e4 15.
Nd4 Bb7 16. Ngf5 Qe5 17. Nxd6 Qxd6 18. Nf5 Qe6 19. Ng3 Bc8 20. Bxf6 Qxf6 21. Qe2
Bd7 22. Nh5 Qg5 23. Nf4 Rfc8 24. Qd2 Qh6 25. Ne2 Qg6 26. Ng3 Be6 27. c3 h5 28.
Kh2 Qg5 29. Ne2 h4 30. f3 exf3 31. Rxf3 Re8 32. Nd4 Ra7 33. Nxc6 Rc7 34. Nd4 Bc8
35. a4 Bb7 36. a5 Rce7 37. Re1 g6 38. Kg1 f5 39. Rf2 Qf6 40. Qd3 Re5 41. Nf3 Re4
42. Nd2 R4e5 43. Nb3 Qg5 44. Rf4 d4 0-1

[Event "AUTO-ADV-1869"]
[Site "http://www.queenalice.com/game.php?id=886978"]
[Date "2011.1.16"]
[Round "2"]
[White "maurice91"]
[Black "BFBear"]
[Result "1-0"]
[WhiteElo "1852"]
[BlackElo "1885"]

1. c4 c5 2. Nc3 Nc6 3. e4 e5 4. d3 d6 5. Be2 Nf6 6. Bg5 h6 7. Bxf6 Qxf6 8. Nf3
b6 9. Nd5 Qd8 10. O-O Be6 11. Qa4 Qd7 12. Nxb6 axb6 13. Qxa8+ Qc8 14. Qxc8+ Bxc8
15. b3 Be7 16. Rab1 O-O 17. a3 Bd7 18. b4 Ra8 19. b5 Na5 20. a4 Nb7 21. Bd1 Rf8
22. Bc2 f5 23. exf5 Bxf5 24. h3 Bxh3 25. Nxe5 dxe5 26. gxh3 Bf6 27. Rbe1 Kh7 28.
d4+ Kh8 29. dxe5 Be7 30. Rd1 Na5 31. Rd7 Bh4 32. Bd3 Nb3 33. f4 Nd4 34. Bg6 Ne2+
35. Kh2 Bg3+ 36. Kg2 Bxf4 37. Rf7 Rb8 38. R7xf4 Kg8 39. R4f2 1-0

[Event "AUTO-ADV-1869"]
[Site "http://www.queenalice.com/game.php?id=886979"]
[Date "2011.1.16"]
[Round "2"]
[White "BFBear"]
[Black "maurice91"]
[Result "0-1"]
[WhiteElo "1868"]
[BlackElo "1869"]

1. e4 c6 2. Nc3 d5 3. exd5 cxd5 4. d4 Nc6 5. h3 h6 6. Nf3 Nf6 7. Ne2 e6 8. c3
Be7 9. Ng3 O-O 10. Bd3 Bd6 11. O-O Re8 12. Re1 Qc7 13. Nf1 e5 14. dxe5 Bxe5 15.
Nxe5 Nxe5 16. Be3 Nxd3 17. Qxd3 Be6 18. Bd4 Nh7 19. Ng3 a6 20. Qd2 Rac8 21. Nh5
f6 22. Nf4 Ng5 23. f3 Bf5 24. Rxe8+ Rxe8 25. Nxd5 Qd6 26. Nf4 Bh7 27. Re1 Re7
28. Rxe7 Qxe7 29. a4 Nf7 30. b4 Qd7 31. a5 Kf8 32. Nh5 Kg8 33. Qe3 Bg6 34. Ng3
Nd6 35. Bc5 Nf7 36. Ne4 Kh8 37. Qd4 Qc8 38. Qd5 h5 0-1